• 首页
  • 本馆介绍
  • 公告通知
  • 最新文献
  • 馆藏检索
  • 电子资源
  • 读者导购
  • 参考咨询
  • 我的图书馆
  • 登录
  • 详细信息显示
  • 放入我的书架
  • 预约/预借图书
  • 作者相关作品
  • 分类相关作品
  • 丛书相关作品
  • 出版社相关作品

书目信息

  • 表格格式
  • 工作单格式
  • 卡片格式
题名:
生物化学实验
    
 
作者: 丛峰松 主编 ;张圣海 , 王琦 绘图
分册:  
出版信息: 上海   上海交通大学出版社  2005
页数: 243页
开本: 26cm
丛书名:
单 册:
中图分类: Q5-33
科图分类:
主题词: 生物化学 , 生物化学--实验--高等学校--教材
电子资源:
ISBN: 7-313-04003-2
000 00872nam0 2200265 450
001 003050443
005 20061123150924.93
010    @a7-313-04003-2@dCNY21.00
100    @a20060104d2005 em y0chiy0110 ea
101 0  @achi
102    @aCN@b310000
105    @ay z 000yy
200 1  @a生物化学实验@9sheng wu hua xue shi yan@f丛峰松主编@g张圣海,王琦绘图
210    @a上海@c上海交通大学出版社@d2005
215    @a243页@c图@d26cm
300    @a生物科学实验系列教材
330    @a全书共分为生物化学实验基本知识、现代生化实验技术、基础实验、技术实验、设计实验、综合实验和附录七部分。
606 0  @a生物化学
606 0  @a生物化学@x实验@x高等学校@j教材
690    @aQ5-33@v4
701  0 @a丛峰松@9cong feng song@4主编
702  0 @a张圣海@9zhang sheng hai@4绘图
702  0 @a王琦@9wang qi@c(生物化学)@4绘图
801  0 @aCN@bNLC@c20061123
905    @a10447@dQ5-33@e126
    
    生物化学实验/丛峰松主编/张圣海,王琦绘图.-上海:上海交通大学出版社,2005
    243页:图;26cm
    生物科学实验系列教材
    
    ISBN 7-313-04003-2:CNY21.00
    全书共分为生物化学实验基本知识、现代生化实验技术、基础实验、技术实验、设计实验、综合实验和附录七部分。
●
相关链接 在E读中查询图书 在五车中查询图书 在当当中查询图书 在豆瓣中查询图书


正题名:生物化学实验     索取号:Q5-33/126         预约/预借

序号 登录号 条形码 馆藏地/架位号 状态 备注
1 0390271   203902713   第二样本阅览室/ [索取号:Q5-33/126] 在馆    
2 0390272   203902722   第三借阅区/ [索取号:Q5-33/126] 在馆    
3 0390273   203902731   第三借阅区/ [索取号:Q5-33/126] 在馆    
4 0390274   203902740   第三借阅区/ [索取号:Q5-33/126] 在馆    
5 0390275   203902759   第三借阅区/ [索取号:Q5-33/126] 在馆    
唐山师范学院图书馆 欢迎您!
大连网信软件有限公司© 版权所有